مكتبة جامعة عجلون الوطنية

فهرس بحث المكتبة

الذكاء الاصطناعي واثره على اصدار حكم التحكيم وتنفيذه = Artificial Intelligence and its Impact on Rendering and Enforcing Arbitral Awards (Record no. 33977)

MARC details
000 -LEADER
fixed length control field 00967nam a22001937a 4500
003 - CONTROL NUMBER IDENTIFIER
control field JO-AjAnu
005 - DATE AND TIME OF LATEST TRANSACTION
control field 20250923090729.0
008 - FIXED-LENGTH DATA ELEMENTS--GENERAL INFORMATION
fixed length control field 250922b jo ||||| |||| 00| 0 ara d
040 ## - CATALOGING SOURCE
Original cataloging agency ANU
Transcribing agency JO-AjAnu
041 ## - LANGUAGE CODE
Language code of original ARA
100 ## - MAIN ENTRY--PERSONAL NAME
Personal name العمري، محمد محمود خالد
Relator term معد
9 (RLIN) 66649
245 ## - TITLE STATEMENT
Title الذكاء الاصطناعي واثره على اصدار حكم التحكيم وتنفيذه = Artificial Intelligence and its Impact on Rendering and Enforcing Arbitral Awards
Statement of responsibility, etc. / اعداد محمد محمود خالد العمري ؛ اشراف محمد علي بني مقداد
260 ## - PUBLICATION, DISTRIBUTION, ETC.
Date of publication, distribution, etc. 2025
300 ## - PHYSICAL DESCRIPTION
Extent 144 ورقة
500 ## - GENERAL NOTE
General note رسالة جامعية (رسالة ماجستير في القانون) كلية الحقوق / جامعة عجلون الوطنية؛ 2025
650 ## - SUBJECT ADDED ENTRY--TOPICAL TERM
Form subdivision الذكاء الاصطناعي-قوانين وتشريعات
700 ## - ADDED ENTRY--PERSONAL NAME
Personal name بني مقداد، محمد علي
Relator term مشرف
9 (RLIN) 66650
942 ## - ADDED ENTRY ELEMENTS (KOHA)
Source of classification or shelving scheme Library of Congress Classification
Koha item type Thesis
Suppress in OPAC No
Holdings
Withdrawn status Lost status Source of classification or shelving scheme Damaged status Not for loan Home library Current library Date acquired Total Checkouts Full call number Barcode Date last seen Price effective from Koha item type
    Library of Congress Classification     مكتبة جامعة عجلون الوطنية مكتبة جامعة عجلون الوطنية 22/09/2025   K564.2025 A30380 22/09/2025 22/09/2025 Thesis
    Library of Congress Classification     مكتبة جامعة عجلون الوطنية مكتبة جامعة عجلون الوطنية 22/09/2025   K564.2025 A30379 22/09/2025 22/09/2025 Thesis